|
|
|
|
| LEADER |
00979cam a2200253 7i4500 |
| 001 |
0000029111 |
| 005 |
20131128090000.0 |
| 020 |
0 |
0 |
|a 9780954622275
|
| 090 |
0 |
0 |
|a M 336.2714
|b UND
|
| 245 |
0 |
0 |
|a Understanding goods & services tax (GST) in Malaysia.
|
| 250 |
0 |
0 |
|a 3rd ed.
|
| 260 |
0 |
0 |
|a [S.l]:
|b Eurosource Publications,
|c 2013.
|
| 300 |
# |
# |
|a 407 p.
|
| 650 |
0 |
0 |
|a Taxes --
|z Malaysia
|
| 650 |
0 |
0 |
|a Value - added tax --
|z Malaysia
|
| 650 |
0 |
0 |
|a Goods & services tax (GST) --
|z Malaysia
|
| 651 |
0 |
0 |
|a Malaysia
|
| 999 |
|
|
|a JHR000373B
|b Book
|c Malaysia
|e MATRADE Southern Regional Office
|
| 999 |
|
|
|a B000033100
|b Book
|c Malaysia
|e Business Information Centre
|
| 999 |
|
|
|a B000033101
|b Book
|c Malaysia
|e Business Information Centre
|
| 999 |
|
|
|a PNG001082B
|b Book
|c Malaysia
|e MATRADE Northern Regional Office
|
| 999 |
|
|
|a SBH001050B
|b Book
|c Malaysia
|e MATRADE Sabah
|
| 999 |
|
|
|a SRW000477B
|b Book
|c Malaysia
|e MATRADE Sarawak
|
| 999 |
|
|
|a TRG000361B
|b Book
|c Malaysia
|e MATRADE Eastern Regional Office
|